000 00953nam a2200265 4500
001 02643
003 HDC
007 cr bn ---
008 201216p201311 xx fo d engg
040 _aHDC
100 _aHussam Khalid H. Alhazmi,
_eauthor
_9139
245 0 _aNew Zealand Muslim Consumer Attitudes towards Purchasing Halal Foods /
_cby Hussam Khalid H. Alhazmi
260 _a[No Place] :
_b[publisher not identified],
_c2013
300 _a1 online resource (121 pages)
336 _atext
_2rdacontent
337 _acomputer
_2rdamedia
338 _aonline resources
_2rdacarrier
650 _aConsumers
_xAttitudes
_9141
650 _aFood industry and trade
_9140
650 _aHalal food industry
_9128
856 _zRequest full-text at [email protected]
942 _2lcc
942 _cTHE
942 _kTHES 000061
999 _c30
_d30